000 00500nam a2200169Ia 4500
003 GCL
008 140319s9999 xx 000 0 eng d
040 _aGCL /
_cGCL
082 0 4 _aCC
_b962.3
_bP L
100 1 _aDRIAULT,EDOUARD
245 1 0 _aL'EGYPTE ET L'EUROPE LA CAIRE DE 1839 -1841 :VOL 2 /
_cDRIAULT,EDOUARD
260 _aالقاهرة :
_bLA SOCIETE DE GEOGRAPHIE D'EGYPTE ،
_c1931
300 _a376
650 0 4 _aLA SOCIETE DE GEOGRAPHIC D'EGY
650 0 4 _aPERIODICALS
942 _2ddc
_cBK
999 _c17200
_d17200